banner-ar

دير سانت كاترين فى العصر العثمانى / (Record no. 61170)

MARC details
000 -الفاتح
حقل البيانات ثابتة الطول 00901nam a22002177a 4500
005 - وقت وتاريخ اخر تعامل مع التسجيلة
رقم الضبط 20240530110447.0
008 - عناصر البيانات ثابتة الطول - معلومات عامة
حقل البيانات ثابتة الطول 150428s2008 ua afo f b 000 0 ara d
017 ## - رقم الايداع القانونى
رقم الايداع القانونى 2008/5111
المصدر ( الهيئة المختصة) مصر . دار الكتب المصرية
020 ## - الرقم الدولى المعيارى للكتب
الرقم الدولى المعيارى للكتاب 9789774207544
040 ## - مصدر الفهرسة
وكالة الفهرسة الأصلية EG-CaGPL
082 04 - رقم تصنيف ديوى العشرى
رقم الطبعة 21
رقم التصنيف 962.3
رقم المادة ق/ع د
100 0# - المدخل الرئيسى - إسم شخصى
الإسم الشخصى عبدالحميد صبحى ناصف
245 10 - بيان العنوان
العنوان دير سانت كاترين فى العصر العثمانى /
بيان المسئوليه,etc عبدالحميد صبحى ناصف
260 ## - PUBLICATION, DISTRIBUTION, ETC. (IMPRINT)
تاريخ النشر أو التوزيع 2008 .
300 ## - الوصف المادى
التعداد 306 ص :
تفاصيل ماديه اخرى للوعاء صور ، لوحات ؛
أبعاد الوعاء 24 سم .
490 ## - بيان السلسلة
عنوان السلسلة تاريخ المصريين ؛
رقم المجلد/ التعيين التسلسلي 277
650 04 - المدخل الاضافى بالموضوع-مصطلح موضوعى
مصطلح موضوعي دير سانت كاترين
التقسيم الفرعي العام تاريخ
650 04 - المدخل الاضافى بالموضوع-مصطلح موضوعى
مصطلح موضوعي دير سانت كاترين
التقسيم الفرعي العام تاريخ
التقسيم الفرعي الزمني العصر العثمانى
942 ## - عناصر المدخل الإضافي( كوها)
مصدر التصنيف او مخطط الترفيف Dewey Decimal Classification
Koha [default] item type كتاب
260 ## - PUBLICATION, DISTRIBUTION, ETC. (IMPRINT)
-- القاهرة :
-- الهيئة المصرية العامة للكتاب ،
Holdings
حالة التراجع حالة الفقد حالة تلف ليس للاعارة المكان المؤقت الموقع الحالى تاريخ الاكتساب اجمالي اﻻعارات رقم الطلب الباركود تاريخ اخر مشاهدة تاريخ تفعيل السعر نوع وعاء كوها
        مكتبة القاهرة الكبرى مكتبة القاهرة الكبرى 04/28/2015   962.3 ق/ع د 160394 04/28/2015 04/28/2015 كتاب

Powered By

EGPV